| 000 | 00406nam a2200169Ia 4500 | ||
|---|---|---|---|
| 003 | STCL | ||
| 008 | 181203s9999 xx 000 0 und d | ||
| 020 | _a9789350352137 | ||
| 040 |
_aSTCL _bEN _cSTCL |
||
| 082 | _222 | ||
| 100 | _aPylee, M.V. | ||
| 245 | 0 | _aConstitutional Amendments in India | |
| 260 |
_bUniversal Law Publishing _aDelhi _c2012 |
||
| 300 | _a948 | ||
| 546 | _aEnglish | ||
| 942 |
_2ddc _cBK |
||
| 999 |
_c83197 _d83197 |
||